LEADER 01018nam0-22003131i-450 001 990001805310403321 005 20191023152523.0 035 $a000180531 035 $aFED01000180531 035 $a(Aleph)000180531FED01 035 $a000180531 100 $a20030910d1980----km-y0itay50------ba 101 0 $aita 102 $aIT 105 $a--------101yy 200 1 $aAtti convegno su: raccolta delle olive e problemi connessi$eSassari, 15-16 settembre 1980$fUniversita degli Studi di Sassari 210 $aSassari$cUniversitą degli Studi di Sassari$d1980 215 $a447 p.$d24 cm 610 0 $aMeccanizzazione agricola 610 0 $aOlive 676 $a631.3 710 12$aConvegno su: raccolta delle olive e problemi connessi$f<1980 ;$eSassari>$0357234 801 0$aIT$bUNINA$gRICA$2UNIMARC 901 $aBK 912 $a990001805310403321 952 $a60 631.3 USSS 1980$b6339$fFAGBC 959 $aFAGBC 996 $aAtti convegno su: raccolta delle olive e problemi connessi$9410020 997 $aUNINA LEADER 03940nam 2200565 450 001 9910464605803321 005 20200520144314.0 010 $a0-309-26703-X 035 $a(CKB)3710000000103262 035 $a(EBL)3564289 035 $a(SSID)ssj0000957116 035 $a(PQKBManifestationID)12362208 035 $a(PQKBTitleCode)TC0000957116 035 $a(PQKBWorkID)10979903 035 $a(PQKB)11066308 035 $a(MiAaPQ)EBC3564289 035 $a(Au-PeEL)EBL3564289 035 $a(CaPaEBR)ebr10863770 035 $a(OCoLC)880439914 035 $a(EXLCZ)993710000000103262 100 $a20130724h20132013 uy| 0 101 0 $aeng 135 $aurcnu|||||||| 181 $ctxt 182 $cc 183 $acr 200 04$aThe childhood immunization schedule and safety $estakeholder concerns, scientific evidence, and future studies /$fCommittee on the Assessment of Studies of Health Outcomes Related to the Recommended Childhood Immunization Schedule, Board on Population Health and Public Health Practice, Institute of Medicine of the National Academies 210 1$aWashington, District of Columbia :$cNational Academies Press,$d[2013] 210 4$d©2013 215 $a1 online resource (235 p.) 300 $aDescription based upon print version of record. 311 $a0-309-26702-1 320 $aIncludes bibliographical references. 327 $aIntroduction -- Determination of the immunization schedule -- Existing data sources and systems -- Stakeholder concerns related to the safety of the immunization schedule -- Review of scientific findings -- Methodological approaches to studying health outcomes associated with the current immunization schedule: options, feasibility, ethical issues, and priorities -- Conclusions and recommendations. 330 $a"The Childhood Immunization Schedule and Safety: Stakeholder Concerns, Scientific Evidence, and Future Studies reviews scientific findings and stakeholders concerns related to the safety of the recommended childhood immunization schedule. This report also identifies potential research approaches, methodologies and study designs that could inform this question, considering strengths, weaknesses as well as ethical and financial feasibility of each approach. This report draws on data from existing surveillance systems, such as the Vaccine Safety Datalink, could be used and offers the best means for ongoing research efforts regarding the safety of the schedule. In recognition of this, future federal research approaches should: collect and assess evidence regarding public confidence in and concerns about the entire childhood immunization schedule, with the goal to improve communication with health care professionals, and between health care professionals and the public regarding safety; standardize definitions of key elements of the schedule, and relevant health outcomes; establish research priorities on the basis of epidemiological evidence, biological plausibility, and feasibility; and continue to fund and support the Vaccine Safety Datalink project to study the safety of the recommended immunization schedule"--$cPublisher's description. 606 $aImmunization of children$xStandards$zUnited States 606 $aVaccination of children$xStandards$zUnited States 608 $aElectronic books. 615 0$aImmunization of children$xStandards 615 0$aVaccination of children$xStandards 676 $a614.4/7083 712 02$aInstitute of Medicine (U.S.).$bCommittee on the Assessment of Studies of Health Outcomes Related to the Recommended Childhood Immunization Schedule, 712 02$aInstitute of Medicine (U.S.).$bBoard on Population Health and Public Health Practice, 801 0$bMiAaPQ 801 1$bMiAaPQ 801 2$bMiAaPQ 906 $aBOOK 912 $a9910464605803321 996 $aThe childhood immunization schedule and safety$92263471 997 $aUNINA LEADER 01646nam 2200457 450 001 9910811198603321 005 20210208211000.0 010 $a1-78319-312-3 035 $a(CKB)3710000000892586 035 $a(MiAaPQ)EBC4698595 035 $a(EXLCZ)993710000000892586 100 $a20180929d2016 uy 0 101 0 $aeng 135 $aurcnu|||||||| 181 $2rdacontent 182 $2rdamedia 183 $2rdacarrier 200 10$aPlays nine /$fHoward Barker 210 1$aLondon :$cOberon Books,$d2016. 215 $a1 online resource (289 pages) 225 1 $aOberon modern playwrights 300 $a"Howard Barker's form of tragedy -- his Theatre of Catastrophe -- is a speculation on the way individuals dislocated by social or personal crises make meaning from their pain, sometimes willing their own extinction, sometimes altering the terms on which they might continue to exist. Their actions are not judged and no attempt is made to influence or console"--Page 4 of cover. 311 $a1-78319-311-5 327 $aHarrowing and uplifting Interivews -- In the cloth cathedral -- In the depths of dead love -- More no still. 410 0$aModern playwrights. 517 1 $aBarker :$eplays nine 517 3 $aPlays 9 517 3 $aHoward Barker :$eplays nine 606 $aExiles$vDrama 606 $aCriminals$vDrama 615 0$aExiles 615 0$aCriminals 676 $a822.9208 700 $aBarker$b Howard$f1946-$0176810 801 0$bMiAaPQ 801 1$bMiAaPQ 801 2$bMiAaPQ 906 $aBOOK 912 $a9910811198603321 996 $aPlays nine$94115156 997 $aUNINA